| 000 | 02414nam0a2200397 4500 | ||
|---|---|---|---|
| 001 | RU\NLR\BIBL_A\021972416 | ||
| 005 | 20250625071511.0 | ||
| 010 |
_a978-5-8333-1224-7 _9550 |
||
| 021 |
_aRU _b2023-35308 _9КН-П-3498 |
||
| 035 | _a(RuMoRGB)011821575 | ||
| 035 | _a(NLR Aleph) 021972416 | ||
| 090 |
_a12367015 _c12367015 |
||
| 100 | _a20230703d2023 |||y0rusy50 ca | ||
| 101 | 0 | _arus | |
| 102 | _aRU | ||
| 105 | _ay|||j||||||z| | ||
| 181 | 1 |
_ai _baxxe |
|
| 182 | 1 | _an | |
| 200 | 1 |
_aТехнико-экономический анализ деятельности предприятия _e[учебное пособие] _eдля студентов, обучающихся по направлению подготовки 38.03.01 Экономика _fЮ. Н. Галицкая _gМинистерство науки и высшего образования Российской Федерации, Федеральное государственное бюджетное образовательное учреждение высшего образования "Кубанский государственный технологический университет" |
|
| 203 |
_aТекст _bвизуальный _cнепосредственный |
||
| 210 |
_aКраснодар _cФГБОУ ВО "КубГТУ" _d2023 |
||
| 215 |
_a179 с. _cтабл. _d21 |
||
| 320 | _aБиблиогр.: с. 162-165 (42 назв.) | ||
| 606 | 1 |
_aПредприятия _jУчебные издания для высших учебных заведений _xАнализ хозяйственной деятельности _92078960 _3RU\NLR\AUTH\661254827 |
|
| 606 |
_aЭкономика. Экономические науки -- Экономический анализ -- Российская Федерация -- Предприятие -- Учебное пособие для высшей школы _2rubbk |
||
| 606 |
_aПредприятия _xАнализ хозяйственной деятельности _2RuMoRGB |
||
| 675 |
_a005.52(075.8) _v4 |
||
| 686 |
_a65.053я73 _2rubbks |
||
| 686 |
_aУ053.9(2)29я73-1 _2rubbk |
||
| 686 | 1 | _aУ053.9(2Р)я73 | |
| 686 | 1 | _aУ29(2Р)я73 | |
| 700 | 1 |
_aГалицкая _bЮ. Н. _cканд. экон. наук _gЮлия Николаевна _9186794 _3RU\NLR\AUTH\770186845 |
|
| 942 | _cBOOK | ||
| 980 | _aNB | ||